000 00283nam a2200121Ia 4500
008 191206s9999 xx 000 0 und d
020 _a797403817
090 _aPR939045R48
245 0 _aRhodesian Poetry
250 _ano. 14
260 _aPoetry Society of Rhodesia
260 _cc1978
999 _c16814
_d16814